MARC

LEADER 00000nam0a2200000 4500
001 96787
005 20231031110702.0
020 |a RU  |b 80-2225ж 
035 |a (RuTPU)RU\TPU\book\103644 
090 |a 96787 
100 |a 20060518a1979 k y0rusy5003 ca 
101 0 |a rus 
102 |a RU 
105 |a ab z 001zy 
200 1 |a Геология и магматизм Монголии-Монгол орны геологи ба магматизм  |e сборник статей  |f Академия Наук СССР; Геологический институт; под ред. Н. С. Зайцева, И. В. Лучицкого 
210 |a Москва  |c Наука  |d 1979 
215 |a 234 с.  |c ил., 2 от. л. карт. 
225 1 |a Совместная Советско-Монгольская научно-исследовательская экспедиция  |h Труды, Вып. 30 
320 |a Библиогр. в конце ст. 
610 1 |a геология 
610 1 |a магматизм 
610 1 |a Монголия 
610 1 |a геологические экспедиции 
610 1 |a геологические исследования 
675 |a 55  |z rus 
675 |a 552.3(51)  |z rus 
702 1 |a Зайцев  |b Н. С.  |4 340 
702 1 |a Лучицкий  |b И. В.  |4 340 
712 0 2 |a Академия наук СССР  |b Геологический институт (ГИН АН СССР)  |c (Москва)  |2 stltpush  |3 (RuTPU)RU\TPU\col\11354 
801 0 |a RU  |b RuMRKP  |c 19950704  |g psbo 
801 1 |a RU  |b 63413507  |c 20060518  |g PSBO 
801 2 |a RU  |b 63413507  |c 20170829  |g PSBO 
942 |c BK